000 01298nam a2200289Ia 4500
001 A0457
003 IT-RoPAU
008 130308s9999 xx 000 0 und d
040 _aIT-RoPAU
040 _cIT-RoPAU
041 _aITALIANO
100 _aAA.VV.
100 _gCodice Aut. SPICS: 12000
245 _aDavid Lynch: film. Visioni e incubi da Six figures a Twin Peaks
245 _bDavid Lynch: Film. visioni e incubi da Six Figures a Twin Peaks
250 _a1a ed.
260 _aROMA
260 _bSorbini Stefano Editore
260 _c1991 [1° Ed.:1991 - Ed.Ling.Originale:1991]
300 _a"128 p. (prefazione: no ; testo: 128 [pagine: 0-0])"
500 _aMonografia su David Lynch Uno dei Piu' Inquietanti e Originali Registi. Sene Ripercorre la Storia Attraverso I Suoi Film Dai Primi cortometraggi Agli Attuali successi Televisivi. scritti Autobiografici e Sul Proprio Cinema.Parla di Se', dei Suoi Personaggi e dei Suoi Film: The Elephant Man, Dune,Blue Velvet, Wild At Heart. Biografia di David Lynch. Velluto Blu Alla Moviola. Perversioni Lynciane. Patologie, Sogni e Immaginazione. Filmografia. Lynch e la PubblicitĂ . Videografia.
650 _aAUTORI/OPERE DEL CINEMA
650 _eCodice materia Spics: 6807
942 _cBK
957 _71
999 _c92966
_d92966
999 _g1